Statistics for Name the First of Each Category That Comes Up When Googled

Click here to take the quiz!

General Stats

  • This quiz has been taken 46 times
  • The average score is 5 of 25

Answer Stats

When you search... This comes up first % Correct
US StatesCalifornia
68%
Countries in EuropeGermany
59%
Shakespeare PlaysHamlet
57%
New York LandmarksEmpire State Building
50%
Dr. Seuss BooksThe Cat in the Hat
45%
Spice Girls MembersMel B
41%
Animated MoviesFrozen
36%
Muslim CountriesIndonesia
25%
Female NamesEmma
18%
Romance MoviesTitanic
18%
National Parks in the USGrand Canyon National Park
16%
Musical ArtistsThe Beatles
9%
Pop SingersBritney Spears
9%
Children's BooksWhere the Wild Things Are
5%
Songs of 2017Shape of You
5%
Kpop GroupsEXO
5%
Cast of The OfficeJohn Krasinski
2%
Classic NovelsPride and Prejudice
2%
Movies of 2017Wonder Woman
2%
Comedy MoviesAnchorman
0%
Jpop ArtistsAKB48
0%
Iconic MoviesSchindler's List
0%
People From CanadaJim Carrey
0%
Universities in the USGonzaga University
0%
CelebritiesAdam Levine
0%

Score Distribution

Percentile by Number Answered

Percent of People with Each Score

Your Score History

You have not taken this quiz